Resumen de la Historia de Venezuela. (Registro nro. 324413)

Detalles MARC
000 -ENCABEZADO
Número de control [NR] 01887nam a22002411 4500
005 - FECHA Y HORA DE LA ÚLTIMA TRANSACCIÓN
control field 20240625155612.0
008 - DE LONGITUD FIJA DE DATOS DE ELEMENTOS - INFORMACIÓN GENERAL
Elementos de longitud fija [NR] 010710s1939 be a fr spa
040 ## - FUENTE DE CATALOGACION [NR]
Agencia de catalogación original [NR] CO-BoUCM
Idioma de catalogación [NR] spa
Quien Cataloga Sandra Yazo (modificó)
Quien Clasifica Sandra Yazo (modificó)
082 04 - NUMERO DE CLASIFICACION DECIMAL DEWEY [R]
Número de la edición [NR] 20
Número de clasificación [R] 987
092 ## - SIGNATURA TOPOGRAFICA LOCAL
Número de clasificación local E53N081
100 1# - ASIENTO PRINCIPAL--NOMBRE PERSONAL [NR]
Nombre personal [NR] Baralt, Rafael María
Fechas asociadas con el nombre [NR] 1810-1860
ID Autoridad 72743
245 10 - MENCION DE TITULO [NR]
Título [NR] Resumen de la Historia de Venezuela.
Medio físico [NR] [Texto impreso]
Mención de responsabilidad, etc. [NR] ordenado y compuesto ... por Rafael María Baralt ; ha cooperado a él ... D. Ramón Díaz
260 ## - PUBLICACION, DISTRIBUCION, ETC. (PIE DE IMPRENTA) [R]
Lugar de publicación, distribución, etc. [R] Brujas
Nombre del editor, distribuidor, etc. [R] Desclée de Brouwer, edit.
Fecha de publicación, distribución, etc. [R] 1939
300 ## - DESCRIPCION FISICA [R]
Extensión [R] XI, 503 p., 6 retrs.
Dimensiones [R] 20 cm
500 ## - NOTA GENERAL [R]
Nota general [NR] Detalles físicos; Encuadernación flexible, tapas en cartulina, las delantera impresas en dos tintas enmarcados en un recuadro. Anteportada. Portadas impresa en una sola tinta, V.1, le precede una ilustración tipo grabado de Cristóbal Colón. Foto de retrato del autor. Texto impreso en una columna. Ilustraciones y tablas fuera del texto. Varias páginas sin refilar, bordes irregulares. Tapas muy sucias. Raspaduras en lomos. Restos de cintas pegantes. V.1 notas y referencias al final del volumen. V.2 con notas al pie de páginas. En V.2 T.1: en página después de portada, dedicatoria manuscrita: “La Academia Nacional de Historia dedica este ejemplar para la biblioteca del Rector del Colegio Mayor de Nuestra Señora del Rosario en Bogotá. Caracas, enero de 1940”
505 0# - NOTA DE CONTENIDO CON FORMATO PREESTABLECIDO [R]
Nota de contenido con formato preestablecido [NR] V.1: Historia antigua de Venezuela (del Descubrimiento a 1797): Capítulos I al XXII ; Apéndices -- V.2 T.1: Historia de Venezuela de 1779 a 1819 – V.2 T.2: Historia de Venezuela de 1820 a 1830 ; Apéndices.
506 ## - NOTA DE RESTRICCIONES DE ACCESO [R]
Condiciones de acceso [NR] Consulta en sala
651 #7 - ASIENTO SECUNDARIO DE MATERIA - NOMBRE GEOGRAFICO [R]
Nombre geográfico [NR] Venezuela
Subdivisión general [R] Historia
Subdivisión cronológica [R] 1528-1810
9 (RLIN) 181572
651 #7 - ASIENTO SECUNDARIO DE MATERIA - NOMBRE GEOGRAFICO [R]
Nombre geográfico [NR] Venezuela
Subdivisión general [R] Historia
Subdivisión cronológica [R] 1810-1823
9 (RLIN) 181573
690 ## - ASUNTO AGREGADO LOCAL DE ENTRADA - TÉRMINO TEMÁTICO (OCLC, RLIN)
Acceso temático local Historia de América
9 (RLIN) 16931
700 ## - ASIENTO SECUNDARIO - NOMBRE PERSONAL [R]
Nombre personal [NR] Díaz, Ramón
9 (RLIN) 104750
942 ## - ELEMENTOS DE ENTRADA AGREGADOS (KOHA)
Sistema de clasificación LOCAL
Tipo de ítem principal el descrito en 300a Libro
Edición 1
Clasificación E53N081
Existencias
Suprimido Perdido Sistema de clasificación Dañado No prestable Tipo de ítem específico Ubicación habitual Ubicación actual Localización Fecha de creación Forma de adquisición Costo Volúmen / Fascículo Total préstamos Signatura topográfica Código de barras Última vez visto Ejemplar Price effective from Tipo de ítem
    LOCAL     Libro archivo Archivo Histórico Archivo Histórico Archivo histórico 25/06/2024 Donación 0.00 V.1   E53N081 L007122 25/06/2024 Ej.1 25/06/2024 Libro
    LOCAL     Libro archivo Archivo Histórico Archivo Histórico Archivo histórico 25/06/2024 Donación 0.00 V.2 T.1   E53N081 L007123 25/06/2024 Ej.1 25/06/2024 Libro
    LOCAL     Libro archivo Archivo Histórico Archivo Histórico Archivo histórico 25/06/2024 Donación 0.00 V.2 T.2   E53N081 L007124 25/06/2024 Ej.1 25/06/2024 Libro